Central Library OPAC University of Rajshahi

Mechanics : (Record no. 9159)

MARC details
000 -LEADER
fixed length control field 00641nam a22002297a 4500
001 - CONTROL NUMBER
control field 9159
003 - CONTROL NUMBER IDENTIFIER
rucl marc code BD-RjUL
005 - DATE AND TIME OF LATEST TRANSACTION
control field 20211208234728.0
008 - FIXED-LENGTH DATA ELEMENTS--GENERAL INFORMATION
fixed length control field 140120s1997 ii ||| |||| 001 0 eng d
020 ## - INTERNATIONAL STANDARD BOOK NUMBER
International Standard Book Number 8122411126
035 ## - SYSTEM CONTROL NUMBER
System control number (BD-RjUL)9204
040 ## - CATALOGING SOURCE
Original cataloging agency BD-RjUL
Language of cataloging eng
Transcribing agency BD-RjUL
041 ## - LANGUAGE CODE
Language code of text/sound track or separate title eng
082 00 - DEWEY DECIMAL CLASSIFICATION NUMBER
Edition number 22
Classification number 531
Author mark and year SRM
100 1# - MAIN ENTRY--PERSONAL NAME
Personal name Srivastava,P.K
9 (RLIN) 28420
245 1# - TITLE STATEMENT
Title Mechanics :
Remainder of title For Undergraduate Students of Indian universityes /
Statement of responsibility, etc. Srivastava,P.K
260 ## - PUBLICATION, DISTRIBUTION, ETC. (IMPRINT)
Place of publication, distribution, etc. New Delhi :
Name of publisher, distributor, etc. New Age International(p) L:it.
Date of publication, distribution, etc. c1997
300 ## - PHYSICAL DESCRIPTION
Pagination 415p. ;
Size 18cm.
504 ## - BIBLIOGRAPHY, ETC. NOTE
Bibliography, etc Includes Index
650 07 - SUBJECT ADDED ENTRY--TOPICAL TERM
Topical term or geographic name as entry element Mechanics :
9 (RLIN) 28421
942 ## - ADDED ENTRY ELEMENTS (KOHA)
Source of classification or shelving scheme Dewey Decimal Classification
Koha item type Books
Holdings
Lost status Source of classification or shelving scheme Damaged status Not for loan Collection code Permanent Location Current Location Shelving location Date acquired Source of acquisition Cost, normal purchase price Total Checkouts Full call number Date last seen Copy number Koha item type
  Dewey Decimal Classification     Non-fiction Central Library, University of Rajshahi Central Library, University of Rajshahi   08/10/2005 Dhaka, Paragon Enterprise 195.00   531 SRM 1997 20/01/2014 C-2 Books
  Dewey Decimal Classification     Non-fiction Central Library, University of Rajshahi Central Library, University of Rajshahi   20/12/2005 Dhaka, Paragon Enterprises Ltd 195.00   531 SRM 2004 02/10/2016 C-3 Books